Il mercante delle quattro stagioni /

Đã lưu trong:
Chi tiết về thư mục
Tác giả khác: Hermann, Irm (Diễn viên), Fassbinder, Rainer Werner (Giám đốc), Schygulla, Hanna (Diễn viên), Caven, Ingrid (Diễn viên), Lohmann, Dietrich (Nhiếp ảnh gia), Hirschmüller, Hans (Diễn viên), Raab, Kurt (Diễn viên)
Định dạng: Slide
Ngôn ngữ:Tiếng Italy
Tiếng Đức
Được phát hành: [Roma] : Ripley's Home Video, 2015
Loạt:The Fassbinder collection
Các nhãn: Thêm thẻ
Không có thẻ, Là người đầu tiên thẻ bản ghi này!

MARC

LEADER 00000ngm a22000007i 4500
001 IT\ICCU\MOD\1646628
003 ItRI
005 20260124182818.0
008 150518s2015 it |||||||||||||||k|||||c
024 3 1 |a 8032134064971 
028 4 2 |a 06497 
040 |b ita 
041 7 |a ita  |a ger  |2 ISO-639-2 
130 4 |a Der Handler der vier Jahreszeiten <film ; 1971>  |3 IT\ICCU\UBO\1875973 
245 0 3 |a Il mercante delle quattro stagioni /  |c un film di Rainer Werner Fassbinder ; [fotografia Dietrich Lohmann ; musica R. W. Fassbinder]. 
260 |a [Roma] :  |b Ripley's Home Video,  |c 2015 
300 |a 1 DVD-Video (86 min.) :  |b color., sonoro. +  |e 1 fascicolo 
500 |a Titolo del disco 
500 |a Produzione cinematografica Repubblica Federale Tedesca 1971 
500 |a Lingue: italiano, tedesco; sottotitoli: italiano 
500 |a Interpreti: Hans Hirschmüller, Ingrid Caven, Hanna Schygulla, Kurt Raab 
500 |a Caratteristiche tecniche: regione 2; PAL; video 1.33:1, 4/3; audio Dolby digital 2.0 mono 
500 |a Contenuti extra: interviste a Hans Hirschmuller e Irm Hermann 
500 |a Vietato ai minori di 14 anni 
500 |a anche sceneggiatore e compositore  |0 IT\ICCU\RAVV\057361 
700 1 |a Hermann, Irm  |0 IT\ICCU\LO1V\301337  |4 act 
700 1 |a Fassbinder, Rainer Werner  |0 IT\ICCU\RAVV\057361  |4 drt 
700 1 |a Schygulla, Hanna  |0 IT\ICCU\RAVV\089363  |4 act 
700 1 |a Caven, Ingrid  |0 IT\ICCU\RAVV\089786  |4 act 
700 1 |a Lohmann, Dietrich  |0 IT\ICCU\RAVV\285219  |4 pht 
700 1 |a Hirschmüller, Hans  |0 IT\ICCU\UBOV\705808  |4 act 
700 1 |a Raab, Kurt  |0 IT\ICCU\UBOV\796071  |4 act 
790 1 |a Fassbinder, Werner  |3 IT\ICCU\SBNV\033758  |z Fassbinder, Rainer Werner 
790 1 |a Fassbinder, R. W.  |3 IT\ICCU\SBNV\033759  |z Fassbinder, Rainer Werner 
790 1 |a Fassbinder, Rainer  |3 IT\ICCU\SBNV\033760  |z Fassbinder, Rainer Werner 
830 4 |a The Fassbinder collection  |0 IT\ICCU\MOD\1645400 
942 |2 ddc  |c VM  |n 0 
952 |0 0  |1 0  |4 0  |6 VO_2302_000000000000000  |7 0  |9 26730  |a BO  |b BO  |d 2026-01-24  |i 18667  |l 0  |o VO 2302  |p BO18667  |r 2026-01-24 18:28:18  |w 2026-01-24  |x [Sebina 5] [1 dvd]  |y VM  |z 1 dvd 
999 |c 22606  |d 22606